2841-堺市堺区(大阪府)の駅 - Statistics

General Stats
  • This quiz has been taken 3 times
  • The average score is 3 of 20
Answer Stats
Answer % Correct
堺市
100%
100%
三国ケ丘
50%
浅香
0%
百舌鳥
0%
七道
0%
0%
浅香山
0%
堺東
0%
百舌鳥八幡
0%
大和川
0%
高須神社
0%
綾ノ町
0%
神明町
0%
妙国寺前
0%
花田口
0%
大小路
0%
宿院
0%
寺地町
0%
御陵前
0%
No matching quizzes found
Score Distribution
Percent of People with Each Score
Percentile by Number Answered
Your Score History
You have not taken this quiz